عرض عادي
عرض مارك
- Decision making
مدخل مصطلح موضوعي
001 - رقم الضبط
- حقل الضبط: 34780
003 - معرف رقم الضبط
- حقل الضبط: OSt
005 - تاريخ ووقت أخر عملية
- حقل الضبط: 20130326004734.0
008 - عناصر بيانات ثابتة الطول
- حقل تحكم ثابت الطول: 130326|||a|||||| | ||| d
040 ## - مصدر الفهرسة
- هيئة الفهرسة الأصلية: OSt
- وكالة الكتابة: OSt
150 ## - مدخل-- مصطلح تاريخي
- عنصر مدخل المصطلح الموضوعي او الاسم الجغرافي: Decision making
- تفريع عام: Moral and ethical aspects.
670 ## - بيانات المصدر موجوده
- الاستشهاد بالمصدر: Work cat.: (OSt)29304: Callender, John S. 34777, Free will and responsibility :, 2010.
